• 首页
  • 本馆介绍
  • 公告通知
  • 最新文献
  • 馆藏检索
  • 电子资源
  • 读者导购
  • 参考咨询
  • 我的图书馆
  • 登录
  • 详细信息显示
  • 放入我的书架
  • 预约/预借图书
  • 作者相关作品
  • 分类相关作品
  • 丛书相关作品
  • 出版社相关作品

书目信息

  • 表格格式
  • 工作单格式
  • 卡片格式
题名:
仇重童话选
    
 
作者: 仇重 著 ;黄伊 选编
分册:  
出版信息: 上海   少年儿童出版社  1983
页数: 232页
开本: 21cm
丛书名:
单 册:
中图分类: I286.7
科图分类:
主题词: 童话--中国--现代--选集
电子资源:
ISBN:
000 00675nam0 2200253 45
001 0183010189
005 20040408090358.6
010    @dCNY0.70
091    @aR10024.4068
100    @a19950414d1983 cemy0chiy0121 ea
101 0  @achi
102    @aCN@b310000
105    @af z 000zy
106    @ar
200 10 @a仇重童话选@Aqiu chong tong hua xuan@f仇重著@g黄伊选编
210    @a上海@c少年儿童出版社@d1983
215    @a232页@c插图@d21cm
606    @a童话@y中国@z现代@x选集
690    @aI286.7@v3
701  0 @a仇重@Aqiu chong@4著
702  0 @a黄伊@Ahuang yi@4选编
801  0 @aCN@b上海图书馆@c20040408
801  2 @aCN@bNLC@c20040408
905    @f1@b98998@dI286.7@e42
    
    仇重童话选/仇重著/黄伊选编.-上海:少年儿童出版社,1983
    232页:插图;21cm
    
    
    ISBN :CNY0.70
    
●
相关链接 在E读中查询图书 在五车中查询图书 在当当中查询图书 在豆瓣中查询图书


正题名:仇重童话选     索取号:I286.7/42         预约/预借

序号 登录号 条形码 馆藏地/架位号 状态 备注
1 0098998   001651411   第二借阅区/ [索取号:I286.7/42] 在馆    
2 0098999   001467674   第一样本阅览室/ [索取号:I286.7/42] 在馆    
唐山师范学院图书馆 欢迎您!
大连网信软件有限公司© 版权所有